• 首页
  • 本馆介绍
  • 公告通知
  • 最新文献
  • 馆藏检索
  • 电子资源
  • 读者导购
  • 参考咨询
  • 我的图书馆
  • 登录
  • 详细信息显示
  • 放入我的书架
  • 预约/预借图书
  • 作者相关作品
  • 分类相关作品
  • 丛书相关作品
  • 出版社相关作品

书目信息

  • 表格格式
  • 工作单格式
  • 卡片格式
题名:
电子商务概论
    
 
作者: 杨兴凯 编著
分册:  
出版信息: 大连   东北财经大学出版社  2017.09
页数: 436页
开本: 26cm
丛书名:
单 册:
中图分类: F713.36
科图分类:
主题词: 电子商务--高等学校--教材
电子资源:
ISBN: 978-7-5654-2876-0
000 01597nam0 2200241 450
001 984
005 20180927144906.51
010    @a978-7-5654-2876-0@dCNY45.00
100    @a20171222d2017 em y0chiy50 ea
101 0  @achi
102    @aCN@b210000
105    @aak az 000yy
200 1  @a电子商务概论@9dian zi shang wu gai lun@f杨兴凯编著
205    @a2版
210    @a大连@c东北财经大学出版社@d2017.09
215    @a436页@c图@d26cm
320    @a有书目
330    @a本书在深入研究了电子商务理论和实务,查阅了大量的资料,尤其是融入近年来最新的电子商务应用和研究成果,结合作者专业知识和多年教学、科研经验,重新整理思路,并在充分理解电子商务基本理论和明确电子商务框架结构的基础上,提出了电子商务的整体知识体系。本书具有以下特点:1 在目标上,本书以提供全面、系统的电子商务理论为目标,以电子商务专业素质的培养为导向,旨在使初学电子商务的学生能够在宏观层面把握电子商务的整体脉络,建立完整的知识体系,为今后深入地学习、研究和应用电子商务打下坚实的基础。2 在结构上,本书由浅入深,逐层递进,本书在充分理解电子商务基本概念、模式与框架的基础上,融入电子商务技术、安全、营销、支付、物流和供应链等相关内容,对电子商务的总体框架结构进行梳理,同时结合电子商务环境和发展趋势的介绍,实现对电子商务整体的把握。3 在内容上,本书反映电子商务领域的最新变化,充分考虑了学习和教学的双重需求,每章均有多个新颖、有代表性的案例,帮助理解书中的一些基本概念,章后还有习题便于教学,将理论知识和应用案例有机结合,并配以大量的图表辅助说明,帮助读者把握本书的整体结构,理解内容。
606 0  @a电子商务@x高等学校@j教材
690    @aF713.36@v5
701  0 @a杨兴凯@9yang xing kai@4编著
801  0 @aCN@b91MARC@c20171222
905    @aMuseLib@dF713.36@e1074=2
    
    电子商务概论/杨兴凯编著.-2版.-大连:东北财经大学出版社,2017.09
    436页:图;26cm
    
    
    ISBN 978-7-5654-2876-0:CNY45.00
    本书在深入研究了电子商务理论和实务,查阅了大量的资料,尤其是融入近年来最新的电子商务应用和研究成果,结合作者专业知识和多年教学、科研经验,重新整理思路,并在充分理解电子商务基本理论和明确电子商务框架结构的基础上,提出了电子商务的整体知识体系。本书具有以下特点:1 在目标上,本书以提供全面、系统的电子商务理论为目标,以电子商务专业素质的培养为导向,旨在使初学电子商务的学生能够在宏观层面把握电子商务的整体脉络,建立完整的知识体系,为今后深入地学习、研究和应用电子商务打下坚实的基础。2 在结构上,本书由浅入深,逐层递进,本书在充分理解电子商务基本概念、模式与框架的基础上,融入电子商务技术、安全、营销、支付、物流和供应链等相关内容,对电子商务的总体框架结构进行梳理,同时结合电子商务环境和发展趋势的介绍,实现对电子商务整体的把握。3 在内容上,本书反映电子商务领域的最新变化,充分考虑了学习和教学的双重需求,每章均有多个新颖、有代表性的案例,帮助理解书中的一些基本概念,章后还有习题便于教学,将理论知识和应用案例有机结合,并配以大量的图表辅助说明,帮助读者把握本书的整体结构,理解内容。
●
相关链接 在E读中查询图书 在五车中查询图书 在当当中查询图书 在豆瓣中查询图书


正题名:电子商务概论     索取号:F713.36/1074=2         预约/预借

序号 登录号 条形码 馆藏地/架位号 状态 备注
1 1120609   211206096   第一样本阅览室/ [索取号:F713.36/1074=2] 在馆    
2 1120610   211206103   密集书库-资源管理系/ [索取号:F713.36/1074=2] 在馆    
3 1120611   211206112   第一借阅区/ [索取号:F713.36/1074=2] 在馆    
4 1120612   211206121   第一借阅区/ [索取号:F713.36/1074=2] 在馆    
5 1120613   211206130   第一借阅区/ [索取号:F713.36/1074=2] 在馆    
唐山师范学院图书馆 欢迎您!
大连网信软件有限公司© 版权所有